Random capital quiz - Statistics

General Stats
  • This quiz has been taken 13 times
  • The average score is 23 of 32
Answer Stats
Hint Answer % Correct
Azerbaijan Baku
100%
Colombia Bogota
100%
Venezuela Caracas
100%
Ghana Accra
90%
Paraguay Asuncion
90%
South Sudan Juba
90%
Sudan Khartoum
90%
Laos Vientiane
90%
St. Lucia Castries
80%
Senegal Dakar
80%
Uganda Kampala
80%
Suriname Paramaribo
80%
Armenia Yerevan
80%
Rep. Congo Brazzaville
70%
Barbados Bridgetown
70%
Guyana Georgetown
70%
Solomon Islands Honiara
70%
Lesotho Maseru
70%
Eswatini Mbabane
70%
Chad N'Djamena
70%
Antigua and Barbuda St. John's
70%
Nigeria Abuja
60%
Mali Bamako
60%
Tanzania Dodoma
60%
Niger Niamey
60%
Grenada St. George's
60%
Ivory Coast Yamoussoukro
60%
St. Kitts and Nevis Basseterre
50%
St. Vincent and the Grenadines Kingstown
50%
Marshall Islands Majuro
50%
Equatorial Guinea Malabo
50%
Mauritania Nouachott
10%
No matching quizzes found
Score Distribution
Percent of People with Each Score
Percentile by Number Answered
Your Score History
You have not taken this quiz